Estratificacion social y desarrollo económico
Պահպանված է:
| Ձևաչափ: | Գիրք |
|---|---|
| Լեզու: | Spanish |
| Խորագրեր: | |
| Ցուցիչներ: |
Ավելացրեք ցուցիչ
Չկան պիտակներ, Եղեք առաջինը, ով նշում է այս գրառումը!
|
MARC
| LEADER | 00000nam a2200000 4500 | ||
|---|---|---|---|
| 003 | cru CIDCACS/IIS | ||
| 005 | 20170419165945.0 | ||
| 008 | 170419b2000 cr ||||| |||| 00| 0 spa d | ||
| 020 | |a 996831112X | ||
| 040 | |c cru CIDCACS/IIS | ||
| 090 | |a 05.01.02 E87e | ||
| 245 | |a Estratificacion social y desarrollo económico | ||
| 650 | 1 | 0 | |9 25 |a ESTRATIFICACION SOCIAL |
| 650 | 1 | 0 | |9 2142 |a DESARROLLO ECONOMICO |
| 650 | 1 | 0 | |9 4192 |a SOCIOLOGIA RURAL |
| 650 | 1 | 0 | |9 24 |a CLASES SOCIALES |
| 942 | |2 ddc |c LI | ||
| 773 | 0 | |0 14856 |9 519 |a Rovira Mas, Jorge |d San José: EUNED. EUCR |o 17942 |t Eugenio Fonseca Tortós: selección de su obra sociológica / |w (cru CIDCACS/IIS)19474 | |
| 999 | |c 19192 |d 19192 | ||



